000 01067nam a2200253 a 4500
001 61264
003 BD-RjUL
005 20211209080936.0
008 170116s1916 us 000 0 eng d
035 _a(BD-RjUL)61388
035 _a2523113
040 _aANL
_beng
_cANL
_dBD-RjUL
041 _aeng
082 0 4 _a420.9
_223
_bWEM 1916
100 1 _aWells, John Edwin,
_d1875-1943.
_9182726
245 1 2 _aA manual of the writings in Middle English, 1050-1400 /
_cby John Edwin Wells.
260 _aNew Haven :
_bYale University Press ;
_aLondon :
_bHumphrey Milford : Oxford University Press,
_c1916.
300 _axv, 941 p. ;
_c24 cm.
500 _aOriginally presented as the author's thesis, (PhD, Yale, 1915) under the title: A manual of the writings in Middle English, exclusive of ballads and cycles of drama.
504 _aBibliographical notes: p. [751]-881.
650 0 _aEnglish literature
_yMiddle English, 1100-1500
_xBibliography.
_9182727
650 0 _aEnglish literature
_yMiddle English, 1100-1500
_xHistory and criticism.
_9182728
942 _2ddc
_cBK
999 _c61264
_d61264